Trombinoscope Pokemon #5 - Statistiques

Statistiques générales
  • Ce quiz a été pris 70 fois
  • Le résultat moyen est 72 sur 100
Statistiques - réponses
Hint Réponse % Correct
Chrysacier
86%
Flagadoss
84%
Coudlangue
84%
Gruikui
84%
Nymphali
84%
Rapasdepic
84%
Bulbizarre
82%
Smogogo
82%
Sablaireau
82%
Héricendre
82%
Chinchidou
82%
Moufouette
82%
Chovsourir
82%
Farigiraf
80%
Voltorbe
80%
Dinoclier
80%
Ursaring
80%
Élecsprint
80%
Airmure
80%
Artikodin
80%
Feuiloutan
80%
Kangourex
80%
Golemastoc
80%
Akwakwak
80%
Otarlette
80%
Étouraptor
80%
Chacripan
80%
Azurill
80%
Soporifik
78%
Nirondelle
78%
Scarabrute
78%
Cradopaud
78%
Grodrive
78%
Sorbouboul
78%
Snubbull
78%
Croâporal
78%
Tentacool
78%
Avaltout
78%
Kungfouine
78%
Pomdepik
76%
Bekipan
76%
Groudon
76%
Migalos
76%
Darumarond
76%
Viskuse
76%
Galekid
76%
Héliatronc
76%
Chartor
76%
Colhomard
76%
Escargaume
74%
Créfadet
74%
Viridium
74%
Paras
74%
Magby
74%
Motisma
72%
Charmillon
72%
Mastouffe
72%
Verpom
72%
Noacier
70%
Arboliva
70%
Hachécateur
70%
Lumivole
68%
Luminéon
68%
Sinistrail
68%
Fouinette
68%
Tritox
68%
Cupcanaille
68%
Téraclope
68%
Lézargus
68%
Fulgulairo
66%
Hastacuda
66%
Brutapode
66%
Quartermac
66%
Tissenboule
64%
Ceriflor
64%
Roussil
64%
Mégapagos
64%
Mélokrik
64%
Vostourno
64%
Vémini
62%
Paume-de-Fer
62%
Scalpereur
62%
Miascarade
62%
Kaorine
62%
Beldeneige
62%
Monorpale
62%
Rongrigou
60%
Séracrawl
60%
Rubombelle
60%
Rosabyss
60%
Léboulérou
60%
Feu-Perçant
58%
Cancrelove
56%
Yuyu
54%
Rampe-Ailes
54%
Poltchageist
54%
Galvagla
48%
Sylveroy
48%
Germéclat
46%
Astronelle
44%
Aucun quiz correspondant
Distribution des résultats
% des personnes avec chaque résultat
Percentile par nombre de réponses
Votre historique - résultats
Vous n’avez pas pris ce quiz